000 00295nam a22001337a 4500
008 181107b xxu||||| |||| 00| 0 eng d
020 _a0312605668
041 _aeng
080 _a101
100 _a24
101 _aFIL
245 _aPhilosophy The Basic Issues
_cKlemke,E.D
942 _2udc
_cBK
999 _c52087
_d52087